000 00898nam a22002657a 4500
001 00704
003 DO-SdBPM
005 20250116104534.0
007 00704
008 160704b2001 xx| |||| 00| 0 spa d
020 _a8481302554
040 _aDO-SdBPM
_bspa
_cBPMSU
082 4 _a846.93
_bM715n 2001
_222
100 1 _aMoix, Terenci
_d1942-2003
245 1 0 _aNo digas que fue un sueño /
_cTerenci Moix ; prólogo Rosa Regás
260 _a[sin lugar] :
_bBibliotex,
_c2001.
300 _a317 p. ;
_c22 cm.
490 0 _aMillenium. Las 100 mejores novelas en castellano del siglo XX ;
_aBiblioteca el mundo,
_v14
500 _3Incluye datos biográficos del autor en la solapa de la cubierta
590 _aInventariado, 2025/VM
650 4 _aNovela catalana
700 1 _aRegás, Rosa,
_eprólogo
910 _aVMateo V. Contorl de calidad. BPMSU
942 _2ddc
_cBK
999 _c10668
_d10668